Columnas para bastiones

Salvato in:
Dettagli Bibliografici
Autore principale: Moreno Estrada, Enrique
Natura: Sconosciuto
Pubblicazione: [San José, Costa Rica] 1972
Soggetti:
Tags: Aggiungi Tag
Nessun Tag, puoi essere il primo ad aggiungerne!!

MARC

LEADER 00000 a2200000 4500
003 011389
005 20221231143817.0
008 140114s1972 c a m 000 ||s d
040 |c cru CEDI 
090 |a TFG 462 
100 |a Moreno Estrada, Enrique  |9 17997 
245 |a Columnas para bastiones 
260 |c 1972  |a [San José, Costa Rica] 
300 |a 53 hojas : cuadros, gráficos ; 28 cm  
500 |a  Tesis (Ingeniero Civil) Universidad de Costa Rica.  
501 |a  Ed. mimeografiada.  
650 |x COLUMNAS  |9 17998 
942 |c TFG 
999 |c 12346  |d 12346